000 00678nam a2200229 i 4500
001 142404
003 ES-MaACL
005 20231018204710.0
007 t|
008 071005s1971 sp ||||1| spa d
080 _a641(46)
100 1 _aVila- San-Juan, Juan Felipe.
_9114736
245 1 0 _aAlacena y bodega /
_cJuan Felipe Vila-San-Juan.
250 _a[1ª ed.].
260 _a[Esplugues de Llobregat] :
_bPlaza & Janés,
_c[1971]
300 _a264 p. ;
_c20 cm.
490 1 _aTestigo de España
650 1 4 _aGastronomía-
_zEspaña
_913039
830 0 _aTestigo de España
_9220489
852 _aES-MaACL
_jC-45813
_bR.76533
999 _c142404
_d142404